| 000 -LEADER |
| fixed length control field |
00907pam a2200277 a 4500 |
| 001 - CONTROL NUMBER |
| control field |
20928 |
| 003 - CONTROL NUMBER IDENTIFIER |
| control field |
BD-DhUAP |
| 005 - DATE AND TIME OF LATEST TRANSACTION |
| control field |
20201223152932.0 |
| 008 - FIXED-LENGTH DATA ELEMENTS--GENERAL INFORMATION |
| fixed length control field |
201209r20151985ii a b 001 0 eng |
| 020 ## - INTERNATIONAL STANDARD BOOK NUMBER |
| International Standard Book Number |
0070491348 |
| 020 ## - INTERNATIONAL STANDARD BOOK NUMBER |
| International Standard Book Number |
9351340260 |
| 020 ## - INTERNATIONAL STANDARD BOOK NUMBER |
| International Standard Book Number |
9789351340263 |
| 040 ## - CATALOGING SOURCE |
| Original cataloging agency |
DLC |
| Transcribing agency |
DLC |
| Modifying agency |
BD-DhUAP |
| Language of cataloging |
eng |
| 082 00 - DEWEY DECIMAL CLASSIFICATION NUMBER |
| Classification number |
628 PEA |
| Edition number |
23 |
| 100 1# - MAIN ENTRY--PERSONAL NAME |
| Personal name |
Peavy, Howard S. |
| 245 10 - TITLE STATEMENT |
| Title |
Environmental engineering / |
| Statement of responsibility, etc. |
Howard S. Peavy, Donald R. Rowe and George Tchobanoglous. |
| 250 ## - EDITION STATEMENT |
| Edition statement |
Indian edition. |
| 260 ## - PUBLICATION, DISTRIBUTION, ETC. |
| Place of publication, distribution, etc. |
New York : |
| Name of publisher, distributor, etc. |
McGraw-Hill, |
| Date of publication, distribution, etc. |
c1985 [Reprinted 2015]. |
| 300 ## - PHYSICAL DESCRIPTION |
| Extent |
xiv, 699 pages : |
| Other physical details |
illustrations ; |
| Dimensions |
24 cm. |
| 490 ## - SERIES STATEMENT |
| Series statement |
McGraw-Hill series in water resources and environmental engineering. |
| 504 ## - BIBLIOGRAPHY, ETC. NOTE |
| Bibliography, etc. note |
Includes bibliographical references and indexes. |
| 650 #0 - SUBJECT ADDED ENTRY--TOPICAL TERM |
| Topical term or geographic name entry element |
Environmental engineering. |
| 700 1# - ADDED ENTRY--PERSONAL NAME |
| Personal name |
Rowe, Donald R. |
| 700 1# - ADDED ENTRY--PERSONAL NAME |
| Personal name |
Tchobanoglous, George. |
| 942 ## - ADDED ENTRY ELEMENTS (KOHA) |
| Source of classification or shelving scheme |
|
| Koha item type |
Book |